000 00623nam a2200193Ia 4500
005 20260114185844.0
008 008 260114s9999 xx 000 0 eng d
020 _a9781350044838
037 _aEBOOK
040 _aCRL
_beng
_cCRL
041 _aeng
_2eng
084 _qCRL
100 _aMarc Jacobs and Peter Scholliers
_9875247
245 0 _aEating Out in Europe Picnics, Gourmet Dining and Snacks since the Late Eighteenth Century
260 _bBloomsbury
_c2003
856 _uhttps://doi.org/10.5040/9781350044838?locatt=label:secondary_bloomsburyCollections
942 _cEBOOK
999 _c1474181
_d1474181